000 00678nam a2200241 a 4500
001 42701
003 (Bd-RJUL)
005 20211209053558.0
008 160615s1967 enka b 000 0 eng
035 _a(Bd-RJUL) 42819
040 _aDLC
_cDLC
_dm.c
_beng
041 _aeng
082 _223
_bNET 1967
100 1 0 _aNevin, Edward.
_9131255
245 1 0 _aTextbook of economic analysis /
_cEdward Nevin
250 _a3rd ed
260 _aLondon :
_bMacmillan ;
_aNew York :
_bSt. Martin's Press,
_c1967
300 _axvi, 488 p. :
_bill ;
_c22 1/2 cm
504 _aIncludes bibliographies
650 0 _aEconomics
_9131256
740 0 _aEconomic analysis
942 _2ddc
_cBK
999 _c42701
_d42701